书目信息 |
| 题名: |
无机化工工艺学
|
|
| 作者: | 陈五平 主编 | |
| 分册: | 一 合成氨 | |
| 出版信息: | 北京 化学工业出版社 1981 |
|
| 页数: | 378页 | |
| 开本: | 21cm | |
| 丛书名: | ||
| 单 册: | ||
| 中图分类: | TQ110.6 | |
| 科图分类: | ||
| 主题词: | 无机化工--工艺学--高等学校--教材 | |
| 电子资源: | ||
| ISBN: | ||
| 000 | 00712nam0 2200253 45 | |
| 001 | 0180006261 | |
| 005 | 20060815110932.54 | |
| 010 | @dCNY1.50 | |
| 091 | @aCN@b15063.3220 | |
| 100 | @a19950315d1981 em y0chiy0121 ea | |
| 101 | 0 | @achi |
| 102 | @aCN@b110000 | |
| 105 | @ay z 000yy | |
| 200 | 10 | @a无机化工工艺学@h一@i合成氨@Awu ji hua gong gong yi xue@f陈五平主编 |
| 210 | @a北京@c化学工业出版社@d1981 | |
| 215 | @a378页@d21cm | |
| 300 | @a高等学校试用教材 | |
| 517 | 1 | @a合成氨@Ahe cheng an |
| 606 | @a无机化工@x工艺学@x高等学校@x教材 | |
| 690 | @aTQ110.6@v3 | |
| 701 | 0 | @a陈五平@Achen wu ping@4主编 |
| 801 | 0 | @aCN@bTSSF@c20060815 |
| 801 | 2 | @aCN@bNLC@c20060805 |
| 905 | @a10447@dTQ110.6@e11:1 | |
| 无机化工工艺学.一.合成氨/陈五平主编.-北京:化学工业出版社,1981 |
| 378页;21cm |
| 高等学校试用教材 |
| ISBN :CNY1.50 |
| ● |
| 相关链接 |
|
|
|
|
正题名:无机化工工艺学
索取号:TQ110.6/11:1
 
预约/预借
| 序号 | 登录号 | 条形码 | 馆藏地/架位号 | 状态 | 备注 |
| 1 | 0437322 | 204373221 | 密集书库/ [索取号:TQ110.6/11:1] | 在馆 | |
| 2 | 0439594 | 204395948 | 密集书库/ [索取号:TQ110.6/11:1] | 在馆 | |
| 3 | 0451650 | 204516504 | 密集书库/ [索取号:TQ110.6/11:1] | 在馆 | |
| 4 | 0458488 | 204584887 | 密集书库/ [索取号:TQ110.6/11:1] | 在馆 |